|
|
|
|
| LEADER |
00000cam a2200000 7i4500 |
| 001 |
0000000516 |
| 005 |
20151222.0 |
| 008 |
070702 |
| 020 |
|
|
|a 9838914509
|
| 020 |
|
|
|a 9838914533(set)
|
| 090 |
0 |
0 |
|a JF
|b MAL
|
| 100 |
0 |
|
|a Hashim Latiff
|
| 245 |
1 |
0 |
|a Wira
|c Hashim Latiff
|
| 260 |
|
|
|a Selangor :
|b Penerbitan Orkid ,
|c 1996
|
| 440 |
|
|
|a Siri bacaan remaja
|
| 500 |
|
|
|a Children ages 10-12 years old (pink)
|
| 650 |
|
0 |
|a Malay fiction
|
| 999 |
|
|
|a 0000921295
|b Book
|c Children Collection
|e Cawangan Bukit Gambir
|
| 999 |
|
|
|a 0000921296
|b Book
|c Children Collection
|e Cawangan Bukit Gambir
|
| 999 |
|
|
|a 0000921297
|b Book
|c Children Collection
|e Cawangan Bukit Gambir
|
| 999 |
|
|
|a 0000931206
|b Book
|c Children Collection
|e Cawangan Tangkak
|
| 999 |
|
|
|a 0000931207
|b Book
|c Children Collection
|e Cawangan Tangkak
|
| 999 |
|
|
|a 0000931208
|b Book
|c Children Collection
|e Cawangan Tangkak
|
| 999 |
|
|
|a 0000956570
|b Book
|c Children Collection
|e Perbadanan Perpustakaan Awam Johor
|
| 999 |
|
|
|a 0000956571
|b Book
|c Children Collection
|e Cawangan Pontian
|
| 999 |
|
|
|a 0000957485
|b Book
|c Children Collection
|e Perbadanan Perpustakaan Awam Johor
|
| 999 |
|
|
|a 0000957486
|b Book
|c Children Collection
|e Cawangan Muar
|
| 999 |
|
|
|a 0000957487
|b Book
|c Children Collection
|e Perbadanan Perpustakaan Awam Johor
|
| 999 |
|
|
|a 000956569
|b Book
|c Children Collection
|e Cawangan Pontian
|